Carta Urbana/
Guardat en:
| Autor corporatiu: | |
|---|---|
| Format: | Llibre |
| Idioma: | Spanish |
| Publicat: |
San Salvador, El Salvador:
Fundación Salvadoreña de Desarrollo y Vivienda Mínima,
1992-
|
| Matèries: | |
| Etiquetes: |
Afegir etiqueta
Sense etiquetes, Sigues el primer a etiquetar aquest registre!
|
MARC
| LEADER | 00000nam a22000007a 4500 | ||
|---|---|---|---|
| 003 | cru CIDCACS/IIS | ||
| 005 | 20210121062541.0 | ||
| 008 | 210120s1992 es |||p|r||||||0| ||spa|d | ||
| 999 | |c 43570 |d 43570 | ||
| 040 | |c CRAI/IIS | ||
| 090 | |a REV1317 | ||
| 110 | 2 | |a Fundación Salvadoreña de Desarrollo y Vivienda Mínima (El Salvador) |9 9787 | |
| 245 | 1 | |a Carta Urbana/ |c Fundación Salvadoreña de Desarrollo y Vivienda Mínima | |
| 260 | |a San Salvador, El Salvador: |b Fundación Salvadoreña de Desarrollo y Vivienda Mínima, |c 1992- | ||
| 270 | |e Apartado 421 | ||
| 500 | |a EXISTENCIAS : 1992 (1-10) 1993 (11-20) 1994 (21-30) 1995 (31-40) 1996 (41-42, 44-46, 48-50) 1997 (52-59) 1998 (60-70) | ||
| 650 | 0 | |9 632 |a ASPECTOS SOCIALES | |
| 650 | 0 | |9 861 |a VIVIENDA | |
| 650 | 0 | |9 2125 |a PARTICIPACION SOCIAL | |
| 650 | 0 | |9 1123 |a DESARROLLO RURAL | |
| 651 | 4 | |9 1928 |a EL SALVADOR | |
| 942 | |2 ddc |c PP | ||
